[Event "SVG Marten-Bövinghausen 1-Unser Fritz1"]
[Site "Verbandsklasse - Gruppe 2 201"]
[Date "2019.02.03"]
[Round "6.3"]
[White "Singbeil, Holger"]
[Black "Gielisch, Eckhart"]
[Result "1/2-1/2"]
[WhiteElo "1952"]
[BlackElo "1795"]
[PlyCount "142"]
[EventDate "2019.??.??"]

1. Nf3 d5 2. c4 e6 3. e3 Nf6 4. b3 Nbd7 5. Bb2 c6 6. Nc3 Bd6 7. Qc2 O-O 8. Be2
Qe7 9. Rg1 e5 10. g4 Nc5 11. g5 Nfe4 12. cxd5 Nxc3 13. Qxc3 Ne4 14. Qc4 Bf5 15.
Nh4 g6 16. Nxf5 gxf5 17. f3 cxd5 18. Qd3 Nc5 19. Qxf5 Qe6 20. Qxe6 Nxe6 21. Rc1
Rac8 22. Rxc8 Rxc8 23. Bd3 Nc5 24. Bf5 Rc7 25. Ke2 e4 26. Bd4 b6 27. Rg4 exf3+
28. Kxf3 Ne6 29. Bf6 Be7 30. Rh4 Nf8 31. Rd4 Bxf6 32. gxf6 Rc6 33. Rxd5 Rxf6
34. Ke2 Kg7 35. e4 Ne6 36. Ke3 Rh6 37. Rd7 Kf6 38. h3 Ng7 39. Rd6+ Ne6 40. d4
Ke7 41. Rc6 Rh4 42. d5 Ng7 43. d6+ Kf6 44. Bg4 Ne6 45. Rc7 h5 46. Bf5 Ng7 47.
Bc8 Ne6 48. Bxe6 Kxe6 49. Rxa7 Rxh3+ 50. Kd4 Kxd6 51. Rxf7 Rh1 52. e5+ Kc6 53.
Rf6+ Kc7 54. a4 h4 55. Rf7+ Kc6 56. Rf6+ Kc7 57. Rh6 h3 58. Rh7+ Kc6 59. b4
Rd1+ 60. Kc3 Re1 61. Rxh3 Rxe5 62. Rh6+ Kc7 63. Kc4 Rf5 64. Rh4 Kc6 65. Rd4 Rh5
66. b5+ Kc7 67. Re4 Rf5 68. Re7+ Kc8 69. Kd4 Rc5 70. a5 Rxb5 71. a6 Kb8 1/2-1/2

[Event "SVG Marten-Bövinghausen 1-Unser Fritz1"]
[Site "Verbandsklasse - Gruppe 2 201"]
[Date "2019.02.03"]
[Round "6.4"]
[White "Boxberg, Marc"]
[Black "Jungbluth, Michael"]
[Result "0-1"]
[WhiteElo "1735"]
[BlackElo "1929"]
[Annotator "Daniel"]
[PlyCount "66"]
[EventDate "2019.??.??"]

1. e4 e6 2. d4 d5 3. e5 c5 4. c3 Qb6 5. Nf3 Nc6 6. Bd3 Bd7 7. O-O cxd4 8. cxd4
Nxd4 9. Nxd4 Qxd4 10. Nc3 Qb6 11. Qe2 $11 Ne7 12. Kh1 Nc6 13. f4 Be7 14. f5
O-O-O 15. fxe6 Bxe6 16. Be3 Qc7 17. Nb5 Qxe5 18. Qf2 d4 19. Bf4 Qd5 20. Rfc1
Kd7 21. Nc7 Qa5 22. b4 Bxb4 23. Rab1 Qxa2 24. Rb2 Qa3 25. Bb5 Bc3 26. Bxc6+
Kxc6 27. Qf3+ Bd5 28. Qe2 b6 29. Qb5+ Kb7 30. Rbc2 Bc6 31. Qc4 Rd7 32. Ra2 Rxc7
33. Bxc7 Qxc1+ 0-1

[Event "SVG Marten-Bövinghausen 1-Unser Fritz1"]
[Site "Verbandsklasse - Gruppe 2 201"]
[Date "2019.02.03"]
[Round "6.5"]
[White "Distelrath, Oliver"]
[Black "Davydov, Boris"]
[Result "1/2-1/2"]
[WhiteElo "1855"]
[BlackElo "1710"]
[Annotator "Daniel"]
[PlyCount "101"]
[EventDate "2019.??.??"]

1. e4 c5 2. Nc3 d6 3. f4 Nc6 4. Nf3 Nf6 5. Bb5 Qb6 6. d3 Bd7 7. Bc4 e6 8. O-O
Be7 9. Kh1 O-O 10. a3 a6 11. Qe1 Qc7 12. Bd2 b5 13. Ba2 Rad8 14. Ne2 Qb8 15.
Ng3 Bc8 16. c3 a5 17. Rc1 b4 18. cxb4 axb4 19. axb4 Nxb4 20. Bxb4 cxb4 21. Bb3
d5 22. e5 Ne8 23. Qd2 Qb6 24. Qf2 d4 25. Ne4 Bb7 26. Ned2 g6 27. Nc4 Qa7 28.
Ra1 Qb8 29. Nfd2 Ng7 30. Na5 Nf5 31. Nxb7 Qxb7 $11 32. Nc4 Ra8 33. Rad1 Rfd8
34. Kg1 Bc5 35. Rc1 Ne3 36. Rfe1 Rac8 37. h3 Nxc4 38. Bxc4 Bb6 39. h4 h5 40.
Qg3 Qe7 41. Bb3 Kh7 42. Kh2 Rc5 43. Rxc5 Bxc5 44. Kh3 Rc8 45. Qf3 Bb6 46. Qe4
Qd7 47. Ra1 Bc5 48. Bd1 Qc6 49. Qe2 Be7 50. Qd2 Qb6 51. Bb3 1/2-1/2

[Event "SVG Marten-Bövinghausen 1-Unser Fritz1"]
[Site "Verbandsklasse - Gruppe 2 201"]
[Date "2019.02.03"]
[Round "6.6"]
[White "Gielisch, Ulrich"]
[Black "Mikulski, Georg"]
[Result "1/2-1/2"]
[WhiteElo "1661"]
[BlackElo "1903"]
[PlyCount "32"]
[EventDate "2019.??.??"]

1. d4 Nf6 2. c4 g6 3. Nc3 d5 4. cxd5 Nxd5 5. e4 Nxc3 6. bxc3 Bg7 7. Bc4 c5 8.
Ne2 O-O 9. O-O Nc6 10. Be3 Qc7 11. Qc2 Na5 12. Bb3 Nxb3 13. axb3 b6 14. dxc5
bxc5 15. Rad1 Bb7 16. f3 f5 1/2-1/2

[Event "SVG Marten-Bövinghausen 1-Unser Fritz1"]
[Site "Verbandsklasse - Gruppe 2 201"]
[Date "2019.02.03"]
[Round "6.7"]
[White "Tober, Julian"]
[Black "Ahlich, Mike"]
[Result "0-1"]
[WhiteElo "1732"]
[BlackElo "1721"]
[Annotator "Daniel"]
[PlyCount "66"]
[EventDate "2019.??.??"]

1. e4 e6 2. d4 d5 3. Nc3 Nf6 4. Bg5 Be7 5. exd5 Nxd5 6. Bxe7 Qxe7 7. Nxd5 exd5+
8. Qe2 Qxe2+ 9. Bxe2 O-O 10. Bf3 c6 11. Ne2 Bf5 12. c3 Nd7 13. Ng3 Rfe8+ 14.
Kd2 Bg6 15. h4 h6 16. Rhe1 Nf6 17. Re3 Rxe3 18. fxe3 Re8 19. b3 Be4 $11 20. c4
g5 21. hxg5 hxg5 22. cxd5 Bxd5 23. Rh1 Kg7 24. Nf5+ Kg6 25. Bxd5 cxd5 26. Nd6
Ne4+ 27. Nxe4 Rxe4 28. Ke2 f5 29. Rh3 f4 30. Kd3 g4 31. Rh8 Rxe3+ 32. Kd2 Kf5
33. Rh7 Rg3 0-1

[Event "SVG Marten-Bövinghausen 1-Unser Fritz1"]
[Site "Verbandsklasse - Gruppe 2 201"]
[Date "2019.02.03"]
[Round "6.8"]
[White "Ziemek, Gerhard"]
[Black "Prang, Andreas"]
[Result "1-0"]
[WhiteElo "1554"]
[BlackElo "1804"]
[PlyCount "105"]
[EventDate "2019.??.??"]

1. d4 Nf6 2. Nc3 d5 3. e4 Nxe4 4. Nxe4 dxe4 5. Bc4 Nd7 6. Qh5 g6 7. Qd5 e6 8.
Qxe4 Bg7 9. Nf3 Qe7 10. O-O O-O 11. c3 Nf6 12. Qe2 Qd6 13. a4 Re8 14. b3 Nd5
15. Qd2 Qd8 16. Qd3 c5 17. Bg5 Qc7 18. Rae1 Bd7 19. Ne5 cxd4 20. cxd4 a6 21.
Bh4 Nb6 22. Bg3 Qd8 23. Qf3 f6 24. Ng4 Nxc4 25. bxc4 Bc6 26. d5 exd5 27. Rxe8+
Bxe8 28. cxd5 Bxa4 29. d6 Bc6 30. Qb3+ Kh8 31. Re1 Qd7 32. h3 Re8 33. Ne3 Qe6
34. Qb6 Qd7 35. Rd1 f5 36. Qc5 b5 37. Rc1 Rc8 38. Nd5 Bb7 39. Nc7 Bf6 40. Qb6
Be4 41. Qxa6 g5 42. f3 Bd3 43. Re1 Bc4 44. Be5 Bxe5 45. Rxe5 Rd8 46. Qa1 Qg7
47. Ne8 Ra8 48. Qd4 Qa7 49. Rc5+ Kg8 50. d7 Qa1+ 51. Qxa1 Rxa1+ 52. Kh2 Rd1 53.
Rc8 1-0

[Event "SV Kamen 2 - SG Bochum 4"]
[Site "Verbandsklasse - Gruppe 2 201"]
[Date "2019.02.03"]
[Round "6.1"]
[White "Prieb, Robert"]
[Black "Neumann, Carsten"]
[Result "0-1"]
[WhiteElo "1818"]
[BlackElo "2002"]
[Annotator "Daniel"]
[PlyCount "174"]
[EventDate "2019.??.??"]

1. d4 g6 2. c4 Bg7 3. e4 d6 4. Nf3 e5 5. dxe5 dxe5 6. Qxd8+ Kxd8 7. Nc3 c6 8.
Bg5+ f6 9. Rd1+ Ke8 10. Be3 Nh6 11. h3 Nf7 12. Be2 Nd7 13. O-O Bf8 14. a3 a5
15. Na4 Nd8 16. Rd2 Ne6 17. Rfd1 Be7 18. Ne1 h5 19. Nd3 g5 20. g3 Nd4 21. Nc1
c5 22. Nc3 Nb6 23. Bxd4 cxd4 24. Nb5 Kd8 25. Kg2 h4 26. g4 Bd7 27. Na2 Rc8 28.
Rc1 Na4 29. f3 Nc5 30. Bd1 Ne6 31. Kh2 Nf4 32. Be2 Rh7 33. Bf1 Bc5 34. Rcc2
Bxb5 35. cxb5 Rd7 36. b4 axb4 37. axb4 Bd6 38. Rxc8+ Kxc8 39. Rc2+ Rc7 40.
Rxc7+ Kxc7 41. Nc1 Kb6 42. Kg1 Ne6 43. Nd3 Nc7 44. Kf2 Nxb5 45. Ke1 Na7 46. Kd2
Nc6 47. Kc2 Bxb4 48. Kb3 Bd6 49. Nb2 Kc7 50. Kc4 Ba3 51. Na4 Ne7 52. Kb3 Bd6
53. Nb2 Kc6 54. Ka4 Nc8 55. Bb5+ Kc7 56. Nc4 Bc5 57. Nd2 Nd6 58. Bd3 Kc6 59.
Kb3 b5 60. Be2 Nb7 61. Kc2 Bb4 62. Nb3 Bc3 63. Bd3 Nd8 64. Be2 Ne6 65. Bf1 Nf4
66. Nc1 $11 Kb6 67. Nd3 Ne6 68. Kb3 Nd8 69. Ka3 Nc6 70. Nc1 Na5 71. Nb3 d3 72.
Bxd3 b4+ 73. Ka2 Nxb3 74. Kxb3 Kc5 75. Kc2 Kd4 76. Be2 Ke3 77. Bd1 Bd4 78. Kc1
Kf2 79. Kd2 Bc3+ 80. Kd3 Ke1 81. Bc2 Kf2 82. Bd1 Kg2 83. Ke2 Kxh3 84. Kf2 Bd4+
85. Kf1 Kg3 86. Be2 h3 87. f4 h2 0-1

[Event "SV Kamen 2 - SG Bochum 4"]
[Site "Verbandsklasse - Gruppe 2 201"]
[Date "2019.02.03"]
[Round "6.2"]
[White "Koch, Marcel"]
[Black "Gluma, Christian"]
[Result "1-0"]
[WhiteElo "1890"]
[BlackElo "1836"]
[Annotator "Daniel"]
[PlyCount "115"]
[EventDate "2019.??.??"]

1. d4 e6 2. Nf3 d5 3. c4 Nf6 4. Nc3 Be7 5. Bg5 O-O 6. e3 Nbd7 7. a3 b6 8. cxd5
exd5 9. Qc2 Bb7 10. Bd3 c5 11. O-O c4 12. Be2 Rc8 13. Rfe1 Re8 14. Rad1 Nh5 15.
Bxe7 Qxe7 16. Ne5 Nhf6 17. Nxd7 Qxd7 18. Bf3 Bc6 19. Rd2 Re7 20. Rde2 Rce8 21.
e4 dxe4 22. Bxe4 Bxe4 23. Nxe4 Qxd4 24. Nxf6+ Qxf6 25. Qxc4 g6 26. g3 Qd6 27.
Kg2 Rxe2 28. Rxe2 Rxe2 29. Qxe2 Kg7 30. Qe4 Qf6 31. b4 Qa1 32. Qd3 Qe5 33. Qf3
a5 34. Qc6 axb4 35. axb4 b5 36. h3 h5 37. h4 Qf5 38. Qc3+ Kf8 39. Qd4 Ke8 40.
Kf1 Ke7 $11 41. Ke2 Qc2+ 42. Ke3 Qc1+ 43. Ke4 Qc6+ 44. Kd3 f6 45. Qc5+ Qxc5 46.
bxc5 Kd7 47. Kc3 g5 48. Kb4 Kc6 49. f3 gxh4 50. gxh4 Kc7 51. Kxb5 Kb7 52. f4
Kc7 53. c6 Kc8 54. Kc5 Kc7 55. f5 Kc8 56. Kd6 Kd8 57. Ke6 Ke8 58. c7 1-0

[Event "SV Kamen 2 - SG Bochum 4"]
[Site "Verbandsklasse - Gruppe 2 201"]
[Date "2019.02.03"]
[Round "6.3"]
[White "Walny, Benjamin"]
[Black "Traunecker, Thomas"]
[Result "1/2-1/2"]
[WhiteElo "1761"]
[BlackElo "1860"]
[PlyCount "63"]
[EventDate "2019.??.??"]

1. e4 c5 2. Nf3 Nf6 3. Nc3 d5 4. exd5 Nxd5 5. Bc4 e6 6. O-O Be7 7. d4 cxd4 8.
Nxd5 exd5 9. Bb3 O-O 10. Nxd4 Nc6 11. Be3 Na5 12. c3 Nxb3 13. Qxb3 a5 14. a4
Ra6 15. Rad1 Rg6 16. Ne2 Bd6 17. Qxd5 Qh4 18. Ng3 Qxa4 19. Rd4 Qc2 20. Rd2 Qa4
21. Bb6 Qh4 22. Rd4 Qh6 23. Bxa5 Bb8 24. Bb4 Re8 25. Qb5 Rge6 26. Qd3 Re1 27.
Rd8 Rxf1+ 28. Kxf1 Qe6 29. Rxe8+ Qxe8 30. Bc5 Bd7 31. Qe2 Bb5 32. c4 1/2-1/2

[Event "SV Kamen 2 - SG Bochum 4"]
[Site "Verbandsklasse - Gruppe 2 201"]
[Date "2019.02.03"]
[Round "6.4"]
[White "Bals, Jochen"]
[Black "Jung, Benn"]
[Result "1-0"]
[WhiteElo "1856"]
[BlackElo "1699"]
[PlyCount "117"]
[EventDate "2019.??.??"]

1. e4 b6 2. d4 Bb7 3. Nc3 e6 4. a3 d5 5. exd5 exd5 6. Nf3 Bd6 7. Bd3 Ne7 8. O-O
Nd7 9. Re1 h6 10. Nb5 Nf6 11. Qe2 Ne4 12. Nd2 Nf6 13. Nf3 Ne4 14. Nxd6+ Qxd6
15. Ne5 O-O 16. Bf4 g5 17. Bd2 Nxd2 18. Qxd2 c5 19. c3 c4 20. Bc2 f5 21. f4 g4
22. Qf2 Nc6 23. Qh4 Qf6 24. Qh5 Kg7 25. Re3 Rad8 26. Rae1 Nxe5 27. Rxe5 Bc8 28.
R1e3 Qg6 29. Qxg6+ Kxg6 30. Kf2 a5 31. Ba4 Bd7 32. Bc2 Bc6 33. h3 gxh3 34. Rxh3
Rf6 35. Rg3+ Kf7 36. Rge3 b5 37. Bxf5 Re8 38. g3 Rxe5 39. Rxe5 Bb7 40. Bg4 Rb6
41. Bf3 Rd6 42. g4 Kf6 43. Kg3 b4 44. axb4 axb4 45. g5+ hxg5 46. fxg5+ Kg6 47.
Kh4 Rd7 48. Bh5+ Kg7 49. Be8 Rc7 50. g6 Kf6 51. Bf7 bxc3 52. bxc3 Rd7 53. Re6+
Kg7 54. Kg5 Rxf7 55. gxf7 Kxf7 56. Re5 Bc6 57. Kf4 Kf6 58. Ke3 Bb7 59. Kd2 1-0

[Event "SV Kamen 2 - SG Bochum 4"]
[Site "Verbandsklasse - Gruppe 2 201"]
[Date "2019.02.03"]
[Round "6.6"]
[White "Markert, Dirk"]
[Black "Ziemann, David"]
[Result "1/2-1/2"]
[WhiteElo "1853"]
[BlackElo "1625"]
[Annotator "Daniel"]
[PlyCount "155"]
[EventDate "2019.??.??"]

1. e4 c5 2. Nc3 g6 3. f4 Bg7 4. Nf3 Nc6 5. Bb5 Nd4 6. Bc4 e6 7. O-O Ne7 8. d3
O-O 9. Nxd4 Bxd4+ 10. Kh1 d5 11. Bb3 c4 12. dxc4 Bxc3 13. bxc3 dxe4 14. Qe2 Bd7
15. Qxe4 Bc6 16. Qd3 Nf5 17. Ba3 Re8 18. Bc5 Qh4 $11 19. Rae1 Red8 20. Bd4 Qg4
21. Rf2 Nh4 22. Qe2 Qxe2 23. Rfxe2 Rd7 24. c5 Rad8 25. Kg1 Bb5 26. Re5 Nf5 27.
Bf2 Rd1 28. g4 Ng7 29. Bd4 Rxe1+ 30. Rxe1 Bc6 31. Kf2 Bd5 32. Re2 a6 33. a4 Rd7
34. Re1 Kf8 35. h3 f5 36. a5 Kf7 37. Rb1 fxg4 38. hxg4 h5 39. Kg3 hxg4 40. Bxd5
Nf5+ 41. Kxg4 exd5 42. Rb2 Ne7 43. Kg5 Nc6 44. Be5 Re7 45. Kg4 Rd7 46. Kg3 Ke6
47. Bd4 Kf5 48. Kf3 Re7 49. Rb1 g5 50. Rh1 Nxd4+ 51. cxd4 g4+ 52. Kg3 Re3+ 53.
Kg2 Re2+ 54. Kg3 Re3+ 55. Kg2 Ra3 56. Rh7 Ke4 57. Rxb7 Kxd4 58. c6 Rxa5 59. Ra7
Ra2 60. Kg3 a5 61. Kxg4 Rxc2 62. c7 Ke4 63. Kg5 Rg2+ 64. Kf6 Rc2 65. Ke6 d4 66.
Kd7 Kxf4 67. Rxa5 Rxc7+ 68. Kxc7 Ke3 69. Re5+ Kd2 70. Kd6 d3 71. Kd5 Kc2 72.
Ke4 d2 73. Rc5+ Kb1 74. Rd5 Kc2 75. Rc5+ Kb1 76. Rb5+ Kc2 77. Rd5 d1=Q 78. Rxd1
1/2-1/2

[Event "SV Kamen 2 - SG Bochum 4"]
[Site "Verbandsklasse - Gruppe 2 201"]
[Date "2019.02.03"]
[Round "6.7"]
[White "Gerzen, Robin"]
[Black "Wiese, Thomas"]
[Result "1/2-1/2"]
[WhiteElo "1634"]
[BlackElo "1814"]
[PlyCount "42"]
[EventDate "2019.??.??"]

1. e4 e6 2. d4 d5 3. Nc3 Bb4 4. Be3 Nf6 5. e5 Ne4 6. Qg4 Nxc3 7. Qxg7 Rf8 8. a3
Ba5 9. Bh6 Qe7 10. Qxh7 Qh4 11. Nf3 Qe4+ 12. Qxe4 dxe4 13. Nd2 Rh8 14. Bg5 Nd5
15. O-O-O Bxd2+ 16. Rxd2 f6 17. exf6 Kf7 18. Re2 Nxf6 19. Bxf6 Kxf6 20. Rxe4
Nc6 21. h4 Bd7 1/2-1/2

[Event "SV Kamen 2 - SG Bochum 4"]
[Site "Verbandsklasse - Gruppe 2 201"]
[Date "2019.02.03"]
[Round "6.8"]
[White "Riemer, Dominik"]
[Black "Hofmann, Benjamin"]
[Result "1-0"]
[WhiteElo "1721"]
[BlackElo "1286"]
[PlyCount "135"]
[EventDate "2019.??.??"]

1. b4 e5 2. Bb2 d6 3. e3 Nf6 4. Be2 Be7 5. Nf3 O-O 6. O-O Be6 7. c4 c6 8. c5 e4
9. Nd4 d5 10. d3 b6 11. cxb6 Qxb6 12. Nc2 Nbd7 13. Bd4 c5 14. bxc5 Bxc5 15. Nd2
Bxd4 16. Nxd4 Ne5 17. Nxe6 fxe6 18. dxe4 Nxe4 19. Nxe4 dxe4 20. Qa4 Qb2 21.
Qxe4 Qxe2 22. Qxe5 Rf6 23. f4 Re8 24. Rf2 Qd3 25. Rf3 Rf5 26. Qb2 Rb5 27. Qc1
Reb8 28. e4 Qxe4 29. Rb3 Qd4+ 30. Kh1 a6 31. Rxb5 axb5 32. Rb1 Qd3 33. h3 h6
34. Rb3 Qd5 35. Qb1 Qd2 36. Rb4 Kf7 37. a4 Rc8 38. Qe4 Qc1+ 39. Kh2 bxa4 40.
Rxa4 Qc5 41. Ra6 Re8 42. Rc6 Qd5 43. Qc2 Qf5 44. Qa4 g5 45. Rc4 Qd5 46. Qc2 Qf5
47. Qf2 e5 48. g4 Qf6 49. Qa2 Kf8 50. Qa3+ Qe7 51. Qxe7+ Rxe7 52. f5 Rf7 53.
Re4 Re7 54. Kg3 Kf7 55. Kf2 Kf6 56. Rb4 Kf7 57. Rb6 Kf8 58. Rxh6 Kf7 59. Rh7+
Kf6 60. Rxe7 Kxe7 61. Ke3 Kd7 62. Ke4 Kd6 63. f6 Ke6 64. f7 Kxf7 65. Kxe5 Kg6
66. Ke6 Kg7 67. Kf5 Kh6 68. Kf6 1-0

[Event "SG Witten 1 - SV Mülheim-Nord 4"]
[Site "Verbandsklasse - Gruppe 3 201"]
[Date "2019.02.03"]
[Round "6.1"]
[White "Oltmanns, Jan"]
[Black "Werschmoeller, Thomas"]
[Result "1-0"]
[WhiteElo "1951"]
[BlackElo "1847"]
[PlyCount "97"]
[EventDate "2019.??.??"]

1. e4 c6 2. d4 d5 3. exd5 cxd5 4. Bf4 Nc6 5. c3 Nf6 6. Nf3 Qb6 7. Qb3 Qxb3 8.
axb3 Bf5 9. b4 Nh5 10. Be3 e6 11. b5 Na5 12. Rxa5 Bxb1 13. b6 a6 14. b4 Bd6 15.
b5 O-O 16. bxa6 bxa6 17. b7 Ra7 18. Rxa6 Rxa6 19. Bxa6 Bc2 20. Kd2 Ba4 21. Ra1
Bd7 22. Ne5 Nf6 23. f3 Rb8 24. Bg5 Be8 25. Kc2 Kf8 26. Bc1 Ng8 27. c4 f6 28. c5
Bxe5 29. dxe5 Bc6 30. Bf4 f5 31. Bd2 Ke8 32. Bb5 Kd7 33. Ra8 Rxb7 34. Bxc6+
Kxc6 35. Rxg8 Kxc5 36. Re8 Rb6 37. Be3+ d4 38. Rc8+ Kb4 39. Bxd4 Ra6 40. Kd3
Kb5 41. Rc7 g5 42. Rxh7 Ra2 43. Rb7+ Kc6 44. Rb2 Ra3+ 45. Ke2 Kd5 46. Rd2 Kc4
47. Be3 f4 48. Rd4+ Kc3 49. Rd3+ 1-0

[Event "SG Witten 1 - SV Mülheim-Nord 4"]
[Site "Verbandsklasse - Gruppe 3 201"]
[Date "2019.02.03"]
[Round "6.2"]
[White "Hustert, Volker"]
[Black "Schmidt, Kevin"]
[Result "1/2-1/2"]
[WhiteElo "1911"]
[BlackElo "1910"]
[PlyCount "28"]
[EventDate "2019.??.??"]

1. Nf3 Nf6 2. g3 b5 3. Bg2 Bb7 4. O-O e6 5. d3 d5 6. Nbd2 Be7 7. b3 O-O 8. Bb2
Nbd7 9. c4 bxc4 10. dxc4 c5 11. e3 Qb6 12. Qc2 Rac8 13. Rfd1 Rfd8 14. Rac1 h6
1/2-1/2

[Event "SG Witten 1 - SV Mülheim-Nord 4"]
[Site "Verbandsklasse - Gruppe 3 201"]
[Date "2019.02.03"]
[Round "6.3"]
[White "Bartelt, Max Peter"]
[Black "Hustert, Dirk"]
[Result "1/2-1/2"]
[WhiteElo "1711"]
[BlackElo "2035"]
[PlyCount "48"]
[EventDate "2019.??.??"]

1. d4 d5 2. Nf3 Nf6 3. Bf4 Bf5 4. e3 c6 5. Bd3 Bg4 6. O-O e6 7. Nbd2 Nbd7 8. h3
Bh5 9. c4 Bb4 10. Qc2 Bg6 11. Bxg6 hxg6 12. a3 Ba5 13. Rfd1 Bc7 14. Bxc7 Qxc7
15. e4 dxe4 16. Nxe4 Nxe4 17. Qxe4 O-O-O 18. b4 Rh5 19. b5 Nf6 20. Qe2 c5 21.
dxc5 Rxd1+ 22. Rxd1 Rxc5 23. Rd4 b6 24. Nd2 Qe5 1/2-1/2

[Event "SG Witten 1 - SV Mülheim-Nord 4"]
[Site "Verbandsklasse - Gruppe 3 201"]
[Date "2019.02.03"]
[Round "6.4"]
[White "Wendehals, Thomas"]
[Black "Lamberti, Michele"]
[Result "1-0"]
[WhiteElo "1748"]
[BlackElo "1739"]
[PlyCount "87"]
[EventDate "2019.??.??"]

1. e4 c6 2. d4 d5 3. Nc3 dxe4 4. Nxe4 Nf6 5. Ng3 e5 6. N1e2 exd4 7. Qxd4 Qxd4
8. Nxd4 Bc5 9. Nb3 Bd6 10. Bg5 Be6 11. Bxf6 gxf6 12. O-O-O Bf4+ 13. Kb1 Nd7 14.
Bd3 O-O-O 15. Be4 Bxg3 16. hxg3 f5 17. Bd3 Ne5 18. Nc5 Nxd3 19. Nxd3 Bc4 20.
Nf4 Rxd1+ 21. Rxd1 Re8 22. b3 Be6 23. Rh1 Rh8 24. Kc1 Kd7 25. Rh6 Ke7 26. Kd2
Rd8+ 27. Ke2 Rh8 28. Ke3 Rd8 29. Nxe6 fxe6 30. Rxh7+ Kf6 31. Rxb7 Rd1 32. Rc7
Re1+ 33. Kd2 Rf1 34. Ke2 Rg1 35. Rxc6 Rxg2 36. Ra6 Rg1 37. Rxa7 Rc1 38. c4 Rc2+
39. Ke3 e5 40. Ra6+ Kf7 41. Ra5 Kf6 42. c5 Rc3+ 43. Kd2 Rf3 44. Ke2 1-0

[Event "SG Witten 1 - SV Mülheim-Nord 4"]
[Site "Verbandsklasse - Gruppe 3 201"]
[Date "2019.02.03"]
[Round "6.5"]
[White "Vavro, Maximilian"]
[Black "Stephan, Joerg"]
[Result "1-0"]
[WhiteElo "1694"]
[BlackElo "1738"]
[PlyCount "99"]
[EventDate "2019.??.??"]

1. d4 d5 2. c4 c6 3. Nf3 Nf6 4. Nc3 e6 5. a3 Bd6 6. Bg5 Nbd7 7. e4 dxe4 8. Nxe4
Be7 9. Nfd2 Nxe4 10. Bxe7 Qxe7 11. Nxe4 Nf6 12. Bd3 Nxe4 13. Bxe4 O-O 14. Qc2
g6 15. O-O-O Rb8 16. h4 e5 17. h5 f5 18. hxg6 hxg6 19. Bf3 e4 20. Be2 Qg5+ 21.
Kb1 Bd7 22. Qb3 Kg7 23. Rh2 b6 24. Rdh1 Rh8 25. Qc3 Qf6 26. Qg3 f4 27. Qc3 Rxh2
28. Rxh2 Rh8 29. Rxh8 Kxh8 30. Qb4 Bf5 31. g4 fxg3 32. fxg3 e3+ 33. Ka2 Qxd4
34. Qf8+ Kh7 35. Qe7+ Kh6 36. g4 Bxg4 37. Qh4+ Kg7 38. Qxg4 Qxg4 39. Bxg4 Kf6
40. Kb3 Kg5 41. Be2 Kf4 42. Kc2 g5 43. Kd1 Kg3 44. Ke1 Kg2 45. Bh5 Kg3 46. Ke2
Kf4 47. Be8 c5 48. Bc6 a5 49. a4 g4 50. Bb7 1-0

[Event "SG Witten 1 - SV Mülheim-Nord 4"]
[Site "Verbandsklasse - Gruppe 3 201"]
[Date "2019.02.03"]
[Round "6.6"]
[White "Carls, Christoph"]
[Black "Kesch, Marc"]
[Result "1/2-1/2"]
[WhiteElo "1718"]
[BlackElo "1666"]
[PlyCount "33"]
[EventDate "2019.??.??"]

1. d4 Nf6 2. c4 Nc6 3. d5 Ne5 4. Qc2 e6 5. e4 Bc5 6. h3 d6 7. Be2 exd5 8. cxd5
O-O 9. Nf3 Ng6 10. O-O Bd7 11. Nc3 a6 12. a3 Nh5 13. Kh2 f5 14. e5 dxe5 15.
Nxe5 Bd6 16. Bxh5 Nxe5 17. f4 1/2-1/2

[Event "SG Witten 1 - SV Mülheim-Nord 4"]
[Site "Verbandsklasse - Gruppe 3 201"]
[Date "2019.02.03"]
[Round "6.7"]
[White "Khanzadayev, Sabir"]
[Black "Teich, Willi"]
[Result "1-0"]
[WhiteElo "1508"]
[BlackElo "1595"]
[PlyCount "61"]
[EventDate "2019.??.??"]

1. e4 e6 2. d3 d5 3. Nd2 c5 4. g3 g6 5. Bg2 Bg7 6. Ngf3 Ne7 7. O-O O-O 8. Re1
Nbc6 9. h4 h5 10. c3 a5 11. Nh2 f5 12. exf5 exf5 13. Ndf3 Ra6 14. Bf4 Bf6 15.
Qd2 b5 16. Bh6 Rf7 17. Ng5 Bxg5 18. Qxg5 Qd6 19. Nf3 Kh7 20. Qe3 Kg8 21. Bf4
Qd7 22. Qxc5 b4 23. Ng5 Rf6 24. Be5 Nxe5 25. Rxe5 Rfd6 26. Rxe7 Qxe7 27. Qxc8+
Qd8 28. Bxd5+ Rxd5 29. Qxa6 Rd6 30. Qc4+ Rd5 31. Ne6 1-0

[Event "SG Witten 1 - SV Mülheim-Nord 4"]
[Site "Verbandsklasse - Gruppe 3 201"]
[Date "2019.02.03"]
[Round "6.8"]
[White "Papenkordt, Karl-Hermann"]
[Black "Lehmkau, Steffen"]
[Result "1/2-1/2"]
[WhiteElo "1548"]
[BlackElo "1573"]
[PlyCount "32"]
[EventDate "2019.??.??"]

1. d4 d5 2. c4 e6 3. Nc3 Nf6 4. Nf3 c6 5. Bg5 Nbd7 6. e3 Qa5 7. Qa4 Qxa4 8.
Nxa4 dxc4 9. Nc3 b5 10. a4 Bb4 11. Nd2 Bxc3 12. bxc3 a6 13. Be2 Nb6 14. axb5
cxb5 15. O-O Bb7 16. f3 Nbd5 1/2-1/2

[Event "SV Waltrop 1 - SV Welper 2"]
[Site "Verbandsklasse - Gruppe 3 201"]
[Date "2019.02.03"]
[Round "6.1"]
[White "Marx, Patrick"]
[Black "Gasper, Joern"]
[Result "0-1"]
[WhiteElo "1925"]
[BlackElo "2029"]
[PlyCount "114"]
[EventDate "2019.??.??"]

1. d4 d5 2. Nf3 Nf6 3. Bf4 e6 4. e3 Bd6 5. Bg3 O-O 6. Bd3 b6 7. Nbd2 Ba6 8. Qe2
Bxd3 9. Qxd3 c5 10. c3 Nc6 11. O-O Re8 12. Ne5 Ne7 13. Qe2 Nf5 14. Bf4 Bf8 15.
g4 Nd6 16. f3 Nd7 17. h4 f6 18. Nxd7 Qxd7 19. Qh2 Nf7 20. Rae1 e5 21. Bg3 exd4
22. exd4 cxd4 23. cxd4 Qa4 24. Nb3 Qxa2 25. Rxe8 Rxe8 26. Qc2 Qa4 27. Ra1 Qd7
28. Nc1 Rc8 29. Qb3 Rc4 30. Ne2 Rb4 31. Qc2 Rc4 32. Qb3 h5 33. gxh5 Nh6 34. Kg2
Nf5 35. Bf2 Rb4 36. Qc2 Rc4 37. Qb3 Bd6 38. Rg1 Bb8 39. Qd3 a5 40. Qd2 a4 41.
Kf1 Kh8 42. Rg4 b5 43. Be3 Qe6 44. Bf2 b4 45. Nf4 Bxf4 46. Qxf4 a3 47. bxa3
bxa3 48. Qb8+ Qc8 49. Qa7 Rc1+ 50. Kg2 Qc4 51. Qb8+ Kh7 52. Rxg7+ Nxg7 53. Qf8
Qf1+ 54. Kg3 Nxh5+ 55. Kg4 Qg2+ 56. Kf5 Qg6+ 57. Ke6 Qg8+ 0-1

[Event "SV Waltrop 1 - SV Welper 2"]
[Site "Verbandsklasse - Gruppe 3 201"]
[Date "2019.02.03"]
[Round "6.2"]
[White "Eckert, Marius"]
[Black "Sharma, Danesh"]
[Result "1-0"]
[WhiteElo "2069"]
[BlackElo "1885"]
[PlyCount "117"]
[EventDate "2019.??.??"]

1. d4 Nf6 2. Bf4 d5 3. e3 c5 4. c3 Nc6 5. Nd2 Bf5 6. Qb3 Qd7 7. Ngf3 c4 8. Qd1
e6 9. a4 Bd6 10. Bxd6 Qxd6 11. b3 cxb3 12. Qxb3 O-O 13. Be2 b6 14. Ba6 Na5 15.
Qb2 Ne4 16. O-O Qc7 17. Nxe4 Bxe4 18. Nd2 Bg6 19. Qb4 Nc6 20. Qa3 Na5 21. c4 e5
22. dxe5 Qxe5 23. Nf3 Qh5 24. cxd5 Be4 25. Be2 Bxd5 26. Rfd1 Bb7 27. Rd7 Rac8
28. Rad1 Qg6 29. Qe7 h6 30. Bd3 Qg4 31. Rxb7 Nxb7 32. Qxb7 Qxa4 33. Re1 Rcd8
34. Nd4 Rfe8 35. Rf1 Qa3 36. Bc4 Re7 37. Qf3 Rc7 38. Nb5 Qc5 39. Be2 Rcd7 40.
Nd4 Rd6 41. Bd3 a5 42. Qe4 g6 43. Qf4 Kg7 44. Qg4 Rf6 45. Qd1 Rd5 46. Qa1 Kh7
47. Be4 Re5 48. Bd3 Rd5 49. Rc1 Qe7 50. Qb2 Qe5 51. Qa3 Rfd6 52. Rc7 Kg7 53.
Qc3 a4 54. Bc4 a3 55. Bxd5 Rxd5 56. Ne6+ Kf6 57. Nd4 Rc5 58. Rxc5 bxc5 59. f4
1-0

[Event "SV Waltrop 1 - SV Welper 2"]
[Site "Verbandsklasse - Gruppe 3 201"]
[Date "2019.02.03"]
[Round "6.4"]
[White "Drewes, Martin"]
[Black "Wallhof, Dieter"]
[Result "1-0"]
[WhiteElo "1934"]
[BlackElo "1866"]
[PlyCount "107"]
[EventDate "2019.??.??"]

1. e4 Nf6 2. e5 Nd5 3. d4 d6 4. Bc4 Nb6 5. Bb3 dxe5 6. Qf3 e6 7. dxe5 Nc6 8.
Bf4 g5 9. Bg3 Bg7 10. Qe4 h5 11. h4 g4 12. Ne2 Qe7 13. f4 Bd7 14. Nbc3 O-O-O
15. O-O-O Nb4 16. Nd4 Qc5 17. Qe2 a5 18. a3 N4d5 19. Ne4 Qf8 20. c4 Ne7 21. Be1
a4 22. Bc2 Nc6 23. Nb5 Bh6 24. Bd2 Kb8 25. Kb1 Bc8 26. Be3 Nd7 27. Bxa4 f6 28.
exf6 Nxf6 29. Ng5 Qe7 30. Nc3 Bd7 31. Qf2 g3 32. Qxg3 Ng4 33. Rhe1 Rhe8 34. Bg1
Na5 35. Bxd7 Rxd7 36. Rxe6 Rxd1+ 37. Nxd1 Qd7 38. Rxe8+ Qxe8 39. Qc3 b6 40. Bd4
Qc6 41. c5 Bxg5 42. fxg5 Qe4+ 43. Ka2 Qd5+ 44. b3 Qxg2+ 45. Nb2 Kb7 46. cxb6
cxb6 47. g6 Nc6 48. g7 Nh6 49. Be3 Nf5 50. Bg5 Qd5 51. Qf6 Ncd4 52. Nc4 b5 53.
Qb6+ Kc8 54. Qa6+ 1-0